[Event "Eurotel Trophy sim"]
[Site "Prague"]
[Date "2001.10.18"]
[Round "1"]
[White "Kasparov, Garry"]
[Black "Movsesian, Sergei"]
[Result "1-0"]
[WhiteElo "2838"]
[BlackElo "2631"]
[Annotator "Movsesian,S"]
[PlyCount "85"]
[EventDate "2001.10.18"]
[EventType "simul"]
[EventRounds "1"]
[EventCountry "CZE"]
[SourceTitle "CBM 086"]
[Source "ChessBase"]
[SourceDate "2002.02.05"]
[SourceVersion "1"]
[SourceVersionDate "2002.02.05"]
[SourceQuality "1"]

1. e4 c5 2. Nf3 e6 3. d4 cxd4 4. Nxd4 a6 5. Nc3 Qc7 6. Bd3 Nc6 7. Nxc6 bxc6 (
7... dxc6 8. O-O e5 9. f4 Nf6 10. Kh1 (10. f5 b5 11. a4 Bb7 12. Qe2 Bc5+ 13.
Kh1 h6 (13... Qb6 14. Bd2 h5 15. Nd1 $16 {Plaskett-Chandler, England 2000}) 14.
Nb1 $1 $14 {Bologan-Movsesian, Germany 98}) 10... Bd6 11. f5 h5 $5 (11... b5
12. a4 Bb7 13. Be3 $5 Rd8 14. Qe2 h6 15. Nd1 Qe7 16. Bf2 $16 {Bologan-Ye,
Shanghai 2001}) 12. a4 Bc5 13. Qf3 a5 14. Qg3 Kf8 15. Bg5 Bd7 16. Rad1 $14 {
Ponomariov-Miezis, Bad Wiessee 99}) 8. O-O Nf6 9. Qe2 Bd6 $6 {Black goes for a
wrong strategy} (9... d5 $142 $5 10. Bg5 Bb7 11. f4 (11. Rae1 $5) 11... Be7 (
11... h6 $5 12. Bh4 Be7 13. e5 Nd7 14. Bxe7 Kxe7 15. Na4 c5 16. c4 d4 17. Be4
Bc6 18. b3 g6 19. Nb2 Qb7 $11 {German-Panno, Buenos Aires 95}) 12. e5 Nd7 13.
Bxe7 Kxe7 14. Na4 (14. Nd1 $5) 14... c5 15. c4 d4 16. Be4 Bxe4 17. Qxe4 g6 18.
b3 a5 $11 {Spassky-Petrosian, Palma de Mallorca 69}) 10. f4 e5 11. Kh1 h6 12.
Bd2 O-O (12... exf4 13. e5 Bxe5 14. Bxf4 d6 15. Bxe5 (15. Rae1 $2 Nd7) 15...
dxe5 16. Rae1 O-O 17. Qxe5 Qxe5 18. Rxe5 $14 {[%csl Ra6,Rc6]}) 13. f5 (13. Rae1
Re8 14. f5 Bb4 15. g4 d5 16. g5 hxg5 17. Bxg5 $40 {Bistric-Dizdarevic,
Yugoslavia 79}) 13... Re8 14. Bc4 {[%cal Rc4f7]} a5 $2 {Too optimistic in a
already very dangerous position.} (14... Rb8 $142 15. Rf3 Qa7) 15. Rf3 $1 $40
Bb4 16. Rg3 Kf8 17. Qe3 $1 {[%cal Re3h6,Rg3g7]} Ng8 (17... Qa7 18. Rxg7 Qxe3
19. Rxf7+ $18) (17... d5 18. Rxg7 Kxg7 (18... dxc4 19. Qxh6 Ke7 20. Bg5 Qd6 21.
Rd1 $18) (18... Bxc3 19. bxc3 dxc4 (19... Kxg7 20. Qxh6+ Kg8 21. Qg5+ Kh7 22.
Qxf6 dxc4 23. Qh6+ Kg8 24. f6 $18) 20. Qxh6 Ke7 21. Bg5 Qd6 22. Qh5 $1 {
[%cal Rh5f7,Ra1d1]} Rf8 23. Rd1 $18) 19. Qxh6+ Kg8 20. Qg5+ Kh7 21. Qxf6 dxc4
22. Qh4+ $1 Kg8 23. f6 Bf8 24. Bh6 Qd6 25. Qg5+ Kh7 26. Bg7 $18) 18. f6 gxf6
19. Rf1 Bxc3 (19... d5 20. exd5 f5 (20... Bxc3 21. Qc5+ Qe7 22. d6 $18) 21.
dxc6 f4 22. Rxf4 exf4 23. Rxg8+ Kxg8 24. Qxe8+ Kg7 25. Nd5 $18) 20. Rxg8+ $1
Kxg8 21. Qg3+ Kf8 22. Rxf6 d5 23. Bxh6+ Ke7 24. Rxf7+ Kd6 (24... Kxf7 25. Qg7+
Ke6 26. Qxc7 $18) 25. Qg6+ Be6 26. Rxc7 Kxc7 27. exd5 cxd5 28. Bb5 Reb8 29. a4
$18 {[%csl Rc3,Re6]} Bd7 30. bxc3 Bxb5 31. axb5 Rxb5 32. h4 a4 33. Bg7 d4 34.
Qf7+ Kb6 35. Qe6+ Kb7 36. Bxe5 Rxe5 37. Qxe5 a3 38. Qd5+ Kb8 39. cxd4 a2 40.
Qb3+ Kc7 41. Qc3+ Kd7 42. Qa1 Kd6 43. c4 1-0

[Event "Corus-B"]
[Site "Wijk aan Zee"]
[Date "2008.01.20"]
[Round "8"]
[White "Spoelman, Wouter"]
[Black "Movsesian, Sergei"]
[Result "0-1"]
[WhiteElo "2424"]
[BlackElo "2677"]
[Annotator "Movsesian,S"]
[PlyCount "58"]
[EventDate "2008.01.12"]
[EventType "tourn"]
[EventRounds "13"]
[EventCountry "NED"]
[EventCategory "15"]
[SourceTitle "CBM 122"]
[Source "ChessBase"]
[SourceDate "2008.01.30"]
[SourceVersion "1"]
[SourceVersionDate "2008.01.30"]
[SourceQuality "1"]

1. e4 c5 2. Nf3 Nc6 3. d4 cxd4 4. Nxd4 e6 5. Nc3 a6 6. Be3 Nf6 7. Qd2 Ng4 $5 {
An interesting attepmt to avoid the well-known theoretical lines.} ({More
common moves here are} 7... Qc7) (7... Bb4) 8. Bg5 Qc7 (8... Qb6 9. Nb3 f6 10.
Bf4 Bb4 11. Bg3 O-O 12. h3 Nge5 13. f4 Nf7 14. O-O-O $14 {with a space
advantage for White in Tologontegin-Kachar, Kaluga 2007.}) 9. Nxc6 (9. Nb3 Bd6
$5 10. f4 $2 h6 11. e5 Bxe5 12. fxe5 Qxe5+ 13. Be2 hxg5 14. O-O-O Nf2 {0-1
Zambrana-Sunye Neto, Sao Paulo (zt) 2007}) 9... bxc6 10. h3 (10. f3 Ne5 11. Be3
Rb8 12. O-O-O {could be an alternative.}) 10... Ne5 11. O-O-O Rb8 12. Be3 Qa5
13. Bd4 ({White can insert} 13. Ba7 $5 Rb7 14. Bd4) 13... Ng6 ({Also} 13... f6
$5 {was interesting} 14. f4 Nf7 {as the black knight on f7 is not vulnerable
compared to g6.}) 14. f4 e5 15. fxe5 Be7 (15... Nxe5 16. Bxa6 $1 Be7 (16...
Bxa6 17. Bxe5) 17. Bxc8 O-O (17... Bg5 18. Qxg5 Nd3+ 19. Rxd3 Qxg5+ 20. Be3 $18
) 18. Nd5 Qxa2 19. Nxe7+ Kh8 20. Qc3 {and Black has no} Nc4 {due to} 21. Bxg7#)
16. Kb1 Bb4 $5 17. Ka1 $6 ({During the game I was more worried about} 17. a3 $5
Bxa3 18. Na2 Qxd2 (18... Qc7 19. e6 fxe6 20. Bxg7 Rg8 21. Bc3 $13) 19. Rxd2 Be7
$13) 17... O-O 18. Bc4 c5 $1 {Black gains an important tempo to finish his
development and continue the pressure on White's king position.} 19. Bf2 Nxe5
20. Bd5 Bb7 21. Bxb7 $2 {Underestimating Black´s attack.} (21. Be1 d6 22. Rf1 {
and White would still be in the game.}) 21... Nc4 22. Qd5 (22. Qd3 Nxb2 23.
Qxa6 Bxc3 24. Qxa5 Nxd1+ 25. Qxc3 Nxc3 $19) 22... Nxb2 $1 23. Kxb2 Bxc3+ 24.
Kb1 Qb4+ 25. Qb3 Rxb7 26. Bxc5 (26. Kc1 {would allow a nice finish after} Rfb8
27. Rd3 Qa3+ $1) 26... Qxe4 27. Bxf8 Kxf8 28. Rxd7 Rxb3+ 29. axb3 Bf6 0-1

[Event "FIDE World Cup"]
[Site "Khanty-Mansiysk"]
[Date "2005.11.29"]
[Round "1.3"]
[White "Jakovenko, Dmitrij"]
[Black "Leitao, Rafael Duailibe"]
[Result "1/2-1/2"]
[WhiteElo "2644"]
[BlackElo "2586"]
[Annotator "Mueller,Karsten"]
[PlyCount "146"]
[EventDate "2005.11.27"]
[EventType "k.o."]
[EventRounds "7"]
[EventCountry "RUS"]
[SourceTitle "CBM 111"]
[Source "ChessBase"]
[SourceDate "2006.04.04"]
[SourceVersion "1"]
[SourceVersionDate "2006.04.04"]
[SourceQuality "1"]

1. e4 c5 2. Nf3 e6 3. d4 cxd4 4. Nxd4 Nc6 5. Nc3 a6 6. Nxc6 bxc6 7. Bd3 d5 8.
O-O Nf6 9. Re1 Be7 10. Bf4 O-O 11. Qf3 Bb7 12. Rad1 g6 13. Na4 Re8 14. b3 Nd7
15. e5 Nb6 16. Nxb6 Qxb6 17. Qg3 c5 18. h4 Bf8 19. h5 Bg7 20. Bg5 Qc7 21. c4 a5
22. Qf4 a4 23. Bf1 axb3 24. axb3 Ra3 25. Rd3 dxc4 26. bxc4 Rxd3 27. Bxd3 Qd7
28. Bf1 Qd4 29. h6 Qxf4 30. Bxf4 Bf8 31. Bg5 Be7 32. Bf6 Bxf6 33. exf6 Rc8 34.
Rb1 Bc6 35. Ra1 Ra8 36. Rxa8+ Bxa8 37. f4 Be4 38. Kf2 Kf8 39. Ke3 Bb1 40. Be2
Ke8 41. Bd1 Kd8 42. Ba4 Bf5 43. Bc6 Bc2 44. Kd2 Bf5 45. Kc3 Bg4 46. Kd3 Bf5+
47. Kd2 Bg4 48. Bb5 Bf5 49. g3 Bg4 50. Bc6 Bf5 51. Kc3 Bg4 52. Kb3 Bd1+ 53. Ka3
Bc2 54. Ba4 Be4 55. Kb3 Bf3 56. Kc3 Be4 57. Kd2 Bf3 58. Ke3 Bb7 59. g4 Bg2 60.
f5 exf5 61. gxf5 g5 62. Bd1 Bf1 63. Bh5 Bxc4 64. Bg6 Ke8 65. Bxh7 Kf8 66. Bg6
$2 {Weiß darf den König nicht in die Ecke lassen. Nach} (66. Ke4 {[%mdl 256]
können beide Seiten überraschenderweise keine Fortschritte machen, weil der
schwarze Läufer f7 und der König g8 bewachen muss, z.B.} g4 67. Kf4 Be2 $2 68.
Bg6 Kg8 69. Bxf7+ $18) 66... Kg8 67. Ke4 Bb3 68. Ke5 Kh8 $1 {[%mdl 4096]} 69.
h7 (69. Bh5 {hilft auch nicht:} Kh7 70. Kd6 g4 (70... Kxh6 $2 71. Bxf7 Bxf7 72.
Ke7 $11) 71. Kxc5 g3 72. Bf3 Kxh6 73. Kd4 Kg5 74. Ke3 Bc4 75. Bg2 Kg4 76. Kd4
Ba6 77. Ke3 (77. Ke5 Kg5 $22 $19) 77... Bb5 78. Kd2 Kxf5 79. Ke3 Kg4 80. Kd2
Kf4 81. Bb7 (81. Bd5 Ke5 82. Bb7 Kd4 83. Bg2 Bd3 84. Ke1 Ke3 $19) 81... Bf1 82.
Ke1 Bd3 83. Bg2 Ke3 $19) 69... Ba2 $1 70. Bh5 Kxh7 71. Kd6 {Sonst dringt der
schwarze König entscheidend am Damenflügel ein, z.B.} (71. Bf3 Kg8 72. Be2 Kf8
73. Bh5 Ke8 74. Bd1 Kd7 75. Be2 Kc6 76. Bf3+ Kb6 77. Be2 Ka5 78. Bh5 Kb4 79.
Ke4 g4 80. Bxg4 c4 81. Bd1 Bb1+ 82. Kd5 Bxf5 $19) 71... Kg8 $2 (71... c4 72.
Bxf7 c3 73. Bxa2 c2 74. f7 (74. Bg8+ Kh8 75. f7 c1=Q 76. Ke7 Qc5+ 77. Ke8 Qe5+
78. Kd7 Kg7 $19) 74... c1=Q 75. f8=N+ Kh6 $19) 72. Kxc5 Bb1 73. Bg4 Kf8 1/2-1/2

[Event "EU-Cup 21st"]
[Site "Saint Vincent"]
[Date "2005.09.18"]
[Round "1.2"]
[White "Vandevoort, Pascal"]
[Black "Ribli, Zoltan"]
[Result "0-1"]
[WhiteElo "2415"]
[BlackElo "2591"]
[Annotator "Mueller,Karsten"]
[PlyCount "132"]
[EventDate "2005.09.18"]
[EventType "team-swiss"]
[EventRounds "7"]
[EventCountry "ITA"]
[SourceTitle "CBM 110"]
[Source "ChessBase"]
[SourceDate "2006.01.31"]
[SourceVersion "1"]
[SourceVersionDate "2006.01.31"]
[SourceQuality "1"]
[WhiteTeam "Liege"]
[BlackTeam "Tegernsee"]
[WhiteTeamCountry "BEL"]
[BlackTeamCountry "GER"]

1. e4 c5 2. Nf3 e6 3. d4 cxd4 4. Nxd4 Nc6 5. Nc3 a6 6. Be3 Nf6 7. Nxc6 bxc6 8.
e5 Nd5 9. Nxd5 cxd5 10. Bd3 Qc7 11. O-O Qxe5 12. Qd2 Be7 13. c3 Qc7 14. Rac1
Bb7 15. c4 Qc6 16. f3 O-O 17. Rfd1 Rac8 18. Qe2 Qa4 19. b3 Qa3 20. cxd5 Bxd5
21. Bxa6 Rxc1 22. Bxc1 Qa5 23. Bd3 Rc8 24. Bb1 h6 25. Bb2 Bg5 26. Kh1 d6 27.
Qd3 f5 28. Qe2 Kh8 29. Qf2 Bf4 30. Qh4 Be5 31. Bxe5 dxe5 32. Qe1 Qxe1+ 33. Rxe1
g5 34. h4 Kg7 35. hxg5 hxg5 36. Bxf5 exf5 37. Rxe5 Rc1+ 38. Kh2 Rd1 39. Rxf5
Kg6 40. Re5 Rd2 41. Kg3 Kf6 42. Re3 Rxa2 43. Rd3 Ke5 44. Re3+ Kf5 45. Rd3 Be6
46. Rc3 Ra5 47. b4 Ra2 48. Rc5+ Kf6 49. Rc6 Rb2 50. Rb6 Ke5 51. Rb5+ Bd5 52.
Kh3 Rc2 53. Kg3 Rd2 54. Rc5 Kf6 55. Rc7 Rb2 56. Rc5 Be6 57. b5 Rb3 58. Kh2 Bd7
59. Rd5 Bxb5 60. Rd6+ Ke5 61. Rb6 Bc4 62. Rxb3 $2 {Danach hat Ribli keine
Probleme mit dem Gewinn mehr.} (62. Rg6 {hätte ihm dagegen noch einiges
abverlangt. Dies ist ein Beispiel für die Faustregel: wer Material weniger hat,
tauscht Bauern und keine Figuren.}) 62... Bxb3 63. Kg3 Be6 64. Kf2 Kd4 (64...
Kf4 $2 65. g3+ Kf5 66. f4 g4 67. Ke3 {und Schwarz kann die weiße Barriere
nicht überwinden.}) 65. Ke2 (65. f4 g4 $19) 65... Bd7 66. Kd2 (66. Kf2 Kd3 67.
g4 Bc6 68. f4 gxf4 69. g5 Ke4 $19) 66... Bb5 (66... Bb5 67. g3 Bd3 68. f4 g4
69. Kd1 Ke3 70. Ke1 Kf3 $19) 0-1

[Event "Hamburger SK im HSV"]
[Site "Hamburg"]
[Date "1985.11.22"]
[Round "7"]
[White "Westerinen, Heikki MJ"]
[Black "Kruszynski, Wlodzimierz"]
[Result "1-0"]
[WhiteElo "2390"]
[BlackElo "2370"]
[Annotator "Notkin,M"]
[PlyCount "53"]
[EventDate "1985.11.16"]
[EventType "tourn"]
[EventRounds "9"]
[EventCountry "GER"]
[EventCategory "4"]
[SourceTitle "MCL"]
[Source "ChessBase"]
[SourceDate "1999.07.01"]
[SourceVersion "1"]
[SourceVersionDate "1999.07.01"]
[SourceQuality "1"]

1. e4 c5 2. Nf3 e6 3. d4 cxd4 4. Nxd4 Nc6 5. Nc3 a6 6. Bf4 d6 7. Bg3 Nf6 (7...
Be7 8. Be2 e5 9. Nb3 Nf6 10. O-O O-O 11. Qd3 Be6 12. a3 d5 $10 {Watson,
W-Portisch,L/New York/1987/}) 8. Qd2 Bd7 $2 (8... Nxd4 9. Qxd4 Be7 10. Be2 e5
11. Qe3 Be6 12. O-O-O Qa5 13. a3 Rc8 14. f3 $14 {Lukin,A-Suetin,A/Moscow/1972/
1:0/45/}) 9. Nf3 $1 Qc7 (9... Qb6 $32 10. O-O-O O-O-O) 10. O-O-O e5 (10... Ne5
11. Nxe5 dxe5 12. Qg5 $1 $16) 11. Nd5 $16 Nxd5 12. exd5 Na5 $2 (12... Nb8 $16)
13. Nxe5 $1 dxe5 14. Bxe5 Qc5 (14... Qb6 15. Bd4 Bc5 (15... Qc7 16. Qe3+ $18)
16. Re1+ Kd8 17. Bxc5 Qxc5 18. b4 $18) 15. Bc3 $1 b6 (15... Nc4 16. Qe2+ $18)
16. Re1+ Kd8 17. b4 Qd6 (17... Nc4 18. Qg5+) 18. bxa5 $18 Qa3+ 19. Kb1 Rb8 20.
Ka1 b5 21. Bb2 Qa4 22. Bd3 f6 23. Re4 b4 24. Qf4 Ra8 25. Bxf6+ $1 gxf6 26.
Qxf6+ Kc7 27. Qb6+ (27. Qb6+ Kc8 28. Rc4+ $18) 1-0

[Event "Sinquefield Cup 2nd"]
[Site "Saint Louis"]
[Date "2014.09.02"]
[Round "6"]
[White "Caruana, Fabiano"]
[Black "Topalov, Veselin"]
[Result "1-0"]
[WhiteElo "2801"]
[BlackElo "2772"]
[Annotator "Postny,E"]
[PlyCount "61"]
[EventDate "2014.08.27"]
[EventType "tourn"]
[EventRounds "10"]
[EventCountry "USA"]
[EventCategory "23"]
[SourceTitle "CBM 162"]
[Source "ChessBase"]
[SourceDate "2014.09.17"]
[SourceVersion "1"]
[SourceVersionDate "2014.09.17"]
[SourceQuality "1"]

1. e4 c5 2. Nf3 e6 3. d4 cxd4 4. Nxd4 Nc6 5. Nc3 a6 6. Nxc6 bxc6 7. Bd3 d5 8.
O-O Nf6 9. Re1 Be7 10. e5 {Topalov has some experience handling this variation
as White.} (10. Qf3 O-O 11. Bg5 d4 12. Na4 e5 13. b3 Nd7 14. Bxe7 Qxe7 $11 {
1/2-1/2 (64) Topalov,V (2772)-Mamedyarov,S (2757) Sofia 2007}) 10... Nd7 11.
Qg4 {This game appeared only a couple of weeks after I completed a survey on
this line, which already included a couple of Caruana games. The current game
is another important contribution.} Kf8 {This move used to be in a shadow of
the main continuation 11...g6. However, recently Black has experienced
problems, allowing White's bishop to sneak to h6.} (11... g6 12. Bh6 Rb8 13.
Nd1 $1 Rb4 14. c4 dxc4 15. Bxc4 Qa5 16. Ne3 Nxe5 17. Qd4 f6 18. Qc3 $6 (18. a3
Qb6 19. Qh4 $1 Rxb2 20. Bg7 $16) 18... Qc5 19. Rac1 $14 {1-0 (44) Caruana,F 
(2791)-Svidler,P (2753) Dubai 2014}) 12. Na4 {Fabiano has played this line as
Black as well.} (12. Qe2 c5 13. b3 Bb7 14. Bb2 g6 15. Nd1 Qb6 16. c4 d4 17. Bc1
h5 18. Be4 h4 19. f4 Kg7 20. Nb2 a5 $11 {1/2-1/2 (50) Solak,D (2632)-Caruana,F
(2801) Tromsoe 2014}) 12... Qa5 $146 {A novelty, but Caruana responded quickly,
clearly hinting at thorough preparation.} (12... h5 13. Qf4 (13. Qe2 c5 14. c4
d4 15. Bd2 Bb7 16. Be4 Bxe4 17. Qxe4 a5 18. f4 g6 $11 {1/2-1/2 (38) Filipenko,
A (2309)-Tunik,G (2437) Togliatti 2014}) 13... Kg8 14. Bd2 g6 $6 (14... a5 $5 {
[%cal Gc8a6]}) 15. c4 Kg7 16. b4 $16 {0-1 (58) Leon Hoyos,M (2484)-Granda
Zuniga,J (2621) Cali 2007}) (12... c5 13. c4 (13. b3 {would transpose to the
game Karjakin-Ivanchuk with a slightly different order of moves.} Bb7 14. c4 d4
15. Bd2 Qc7 16. Qf4 g5 $1 17. Qg3 h5 $132 {1/2-1/2 (37) Karjakin,S (2786)
-Ivanchuk,V (2757) Loo 2013}) 13... Qa5 14. Qd1 d4 15. Bd2 Qc7 16. Qe2 Rb8 17.
b3 Bb7 18. Rad1 h5 19. Nb2 g6 20. Bf4 Kg7 $11 {0-1 (41) Andreev,E (2501)-Popov,
I (2632) Taganrog 2013}) 13. Re2 $1 {Veselin unleashed a novelty, but went
into a deep thought already on the next move. Fabiano appeared to be better
prepared for this line.} (13. Bg5 Bxg5 14. Qxg5 h6 15. Qf4 g5 16. Qg4 h5 17.
Qxg5 Qxa4 18. Qd8+ Kg7 19. Qg5+ $11) 13... h5 (13... Qb4 {was another option
to swap queens.} 14. Qxb4 Bxb4 15. c4 Bb7 16. a3 Be7 17. Bd2 {White keeps some
slight pressure on the queenside.}) 14. Qf4 g5 15. Bd2 Qc7 $6 {That was a
tough dilemma. Topalov decided to keep the queens on the board. However,
having pushed forward the kingside pawns, it would have been safer to swap
queens, even at the cost of spoiling the structure.} (15... gxf4 16. Bxa5 {
The Pf4 is now a clear target, but it's not easy for White to get it.} Rg8 (
16... c5 17. c4 d4 18. Be4 Rb8 19. b3 $14) 17. Kf1 Bb7 18. c4 (18. b4 Ke8 19.
Rb1 Bd8 20. Bxd8 Kxd8 {is also decent for Black.}) 18... h4 19. h3 c5 20. cxd5
Rg5 $1 {[%csl Re5]} (20... Bxd5 $2 21. Be4 $16) 21. Rae1 Bxd5 22. Be4 Rxe5 23.
Bc7 Rxe4 24. Rxe4 Bxe4 25. Rxe4 f3 26. gxf3 Rc8 $11 {White's play could,
probably, be improved upon somewhere along the variation, but the conclusion
is clear: Topalov should have traded queens.}) 16. Qg3 h4 17. Qg4 Rg8 $6 (17...
h3 18. Bxg5 hxg2 19. Bxe7+ Kxe7 20. Qg5+ Kf8 21. c4 Rg8 22. Qf4 $16) (17... c5
{was worth trying. White can develop a ferocious attack, but has to calculate
very precisely.} 18. Bxg5 Bxg5 19. Qxg5 c4 20. Bf5 $1 exf5 21. Rae1 $3 {
A remarkable follow-up. Such quiet moves, when you just sacrificed a piece,
are very difficult for a human player to make.} (21. e6 $2 fxe6 22. Rxe6 Ne5
$13) 21... Rg8 22. Qxh4 Rg6 (22... Nb8 $2 23. e6 $1 Bxe6 24. Nb6 $1 Qxb6 25.
Rxe6 fxe6 26. Qf6+ Ke8 27. Rxe6+ Qxe6 28. Qxe6+ Kf8 29. Qxf5+ Kg7 30. Qxd5 $18)
23. e6 Nf6 24. Qh8+ Ng8 25. exf7 Kxf7 (25... Qxf7 26. Qd4 Rc6 27. Nb6 Rb8 28.
Nxd5 {White has already three pawns for a piece and his attack is in full
swing.}) 26. Re8 Qd6 27. Nb6 Bd7 (27... Qxb6 $2 28. R1e7+ $1 Nxe7 29. Qf8+ Ke6
30. Qxe7#) 28. Rxa8 Qxb6 $16) (17... Nxe5 $5 {was an interesting possibility
to change the unfortunate course of the game.} 18. Rxe5 Qxe5 19. Bc3 Qf4 20.
Qxf4 gxf4 21. Bxh8 f6 {Black has lost a piece, but White's dark-squared bishop
is locked in and will be captured soon.} 22. Nb6 Rb8 23. Bxa6 $1 Rxb6 24. Bxc8
Kf7 25. Re1 {Provoking e6-e5 in order to weaken the light squares.} e5 26. Rb1
Kg8 27. Bxf6 Bxf6 28. a4 e4 29. b4 Bc3 30. b5 {White is a pawn up, but
opposite coloured bishops yield Black chances to hold.}) 18. Rae1 c5 19. c4 $16
dxc4 ({White keeps a big advantage also after} 19... d4 20. Qh5 Bb7 21. b3 {
Later on the knight can be transferred to d3.}) 20. Bxc4 Bb7 21. h3 Rd8 22. Bc3
Nb8 23. Re3 Nc6 $2 (23... Rg7 $1 {was a necessary prophylactic move.} 24. Rd3
Rxd3 25. Bxd3 Nc6 {Black's position is not a piece of cake, but the fight is
still on.}) {[%tqu "En","How can White achieve a decisive advantage?","","",
"c4e6","The decisive blow!",10]} 24. Bxe6 $1 {The decisive blow!} fxe6 (24...
Nd4 25. Bf5 {leads to a position where White has a pawn and a compensation.})
25. Rf3+ Ke8 ({After} 25... Kg7 26. Qh5 Rdf8 27. Rf6 $1 {is crushing.} Rxf6 (
27... Bxf6 28. exf6+ Rxf6 29. Rxe6 $18) 28. exf6+ Bxf6 29. Qxg5+ $18 ({or} 29.
Nxc5 $18 {[%cal Gc5e6]})) 26. Qxe6 Rg7 27. Qh6 Nd4 28. e6 $1 {The most precise
and effective.} Nxf3+ 29. gxf3 Bf8 (29... Rg8 30. Qh5+ Kf8 31. Qf7#) 30. Qh5+
Ke7 31. Bxg7 (31. Bxg7 Bxg7 32. Qf7+ Kd6 33. e7 {is more than enough.}) 1-0

[Event "Rohde op 06th"]
[Site "Sautron"]
[Date "2006.10.30"]
[Round "4"]
[White "Monroy, Charles"]
[Black "Potkin, Vladimir"]
[Result "1/2-1/2"]
[WhiteElo "2394"]
[BlackElo "2580"]
[Annotator "RR"]
[PlyCount "43"]
[EventDate "2006.10.28"]
[EventType "swiss"]
[EventRounds "9"]
[EventCountry "FRA"]
[SourceTitle "EXT 2007"]
[Source "ChessBase"]
[SourceDate "2006.11.23"]
[SourceVersion "1"]
[SourceVersionDate "2006.11.23"]
[SourceQuality "1"]

1. e4 c5 2. Nf3 e6 3. Nc3 a6 4. d4 cxd4 5. Nxd4 Nc6 (5... Qc7 {Plus souple}) 6.
Nxc6 $1 bxc6 7. Bd3 (7. e5 $5 {[%csl Gd6]} Qc7 8. f4 d5 9. exd6 Bxd6 10. Ne4 $1
Be7 11. Bd3 Nf6 12. O-O) 7... d5 8. O-O Nf6 9. Bg5 (9. Re1) (9. Qe2) (9. e5 Nd7
10. Re1 Bb7 11. Na4 Qc7 12. Bf4 c5 13. c4) 9... Be7 10. Qf3 ({RR} 10. e5 {
La suite habituelle pour échanger les B de cases noires} Nd7 11. Bxe7 Qxe7 12.
f4 Rb8 (12... O-O 13. Qh5 {[%csl Rh7]}) 13. Rb1 O-O 14. Kh1 f6 15. exf6 Qxf6
16. Qd2 Bb7 17. Rbe1 Rbe8 18. Nd1 c5 19. c3 Re7 20. Qe2 c4 21. Bc2 Qh6 22. Ne3
Ref7 23. f5 e5 24. f6 g6 {Socko,B (2485)-Tunik,G (2515)/Groningen 1995/CBM 050
ext/1/2-1/2 (61)}) 10... O-O 11. Rfe1 Re8 $146 (11... d4 12. Ne2 e5 {[%csl Rd3]
}) 12. Rad1 Bb7 13. Na4 (13. Qh3 {[%csl Rh7][%cal Ge4e5]}) 13... Qa5 14. e5 Nd7
15. Bxe7 Rxe7 16. b3 f5 17. c4 (17. exf6 Nxf6 18. Qg3 {[%csl Re5]}) 17... Rb8
18. Rc1 Ree8 19. Qe3 Rec8 20. h4 h6 21. Re2 Qd8 22. Qg3 1/2-1/2

[Event "POL-chT 66th"]
[Site "Katowice"]
[Date "2010.09.06"]
[Round "3"]
[White "Antoniewski, Rafal"]
[Black "Hnydiuk, Aleksander"]
[Result "1/2-1/2"]
[WhiteElo "2608"]
[BlackElo "2448"]
[Annotator "RR"]
[PlyCount "59"]
[EventDate "2010.09.04"]
[EventType "team-tourn"]
[EventRounds "9"]
[EventCountry "POL"]
[SourceTitle "EXT 2016"]
[Source "ChessBase"]
[SourceDate "2015.10.08"]
[SourceVersion "1"]
[SourceVersionDate "2015.10.08"]
[SourceQuality "1"]
[WhiteTeam "Dankowice"]
[BlackTeam "Prokonex"]
[WhiteTeamCountry "POL"]
[BlackTeamCountry "POL"]

1. e4 c5 2. Nf3 e6 3. Nc3 Nc6 4. d4 cxd4 5. Nxd4 a6 6. Nxc6 bxc6 7. Bd3 (7. e5)
7... d5 8. O-O Nf6 9. Qe2 (9. Re1) 9... Be7 10. b3 O-O 11. Bb2 Bb7 12. Na4 (12.
Rad1 Qc7 13. Na4) 12... Qc7 13. e5 Nd7 14. c4 $14 {[%csl Rb7]} dxc4 15. Bxc4
Nb6 (15... c5) 16. Nxb6 Qxb6 17. Rad1 (17. Rac1 {Akopian,V (2708)-Laznicka,V 
(2594) Karlsbad Czech Coal 2007 (2) 1-0}) 17... Rad8 18. Rxd8 Rxd8 19. Rd1 a5
$1 {[%cal Ga5a4]} 20. Rxd8+ Qxd8 21. Bd3 $146 (21. Qd3 {Hracek,Z (2604)
-Laznicka,V (2598) Ostrava 2009 (5) 1/2}) 21... c5 $11 {[%csl Gb7] Le mauvais
B s'est enfin ranimé et malgré la structure de P un peu inférieure pour les
Noirs , la nulle sera difficile à éviter pour les Blancs} (21... a4) 22. Bc3
Qa8 $132 {[%csl Rg2][%cal Ga5a4]} 23. Qg4 Bc6 {[%cal Ga5a4]} 24. f3 a4 $1 25.
bxa4 Bxa4 26. Qe4 Qxe4 27. Bxe4 g6 28. Kf2 Kf8 29. Ke3 Ke8 30. Bb2 1/2-1/2